Principles of electrical engineering / (Record no. 190560)

000 -LEADER
fixed length control field 02153 a2200181 4500
003 - CONTROL NUMBER IDENTIFIER
control field Nust
005 - DATE AND TIME OF LATEST TRANSACTION
control field 20221024175222.0
020 ## - INTERNATIONAL STANDARD BOOK NUMBER
International Standard Book Number 8121901030
040 ## - CATALOGING SOURCE
Transcribing agency Nust
082 ## - DEWEY DECIMAL CLASSIFICATION NUMBER
Classification number 621.3,GUP
100 ## - MAIN ENTRY--PERSONAL NAME
Personal name Gupta, B.R.
9 (RLIN) 57933
245 ## - TITLE STATEMENT
Title Principles of electrical engineering /
Statement of responsibility, etc. B.R.Gupta
260 ## - PUBLICATION, DISTRIBUTION, ETC.
Place of publication, distribution, etc. New Delhi
Name of publisher, distributor, etc. S. Chand
Date of publication, distribution, etc. 2001
300 ## - PHYSICAL DESCRIPTION
Extent 936 p.
505 ## - FORMATTED CONTENTS NOTE
Formatted contents note Units (Page-1), Electrostatics (Page-7), Current , Voltage , Power and Energy (Page-21), Conductors and Resistors (Page-36), Dielectrically and Capacitors (Page-57), Primary and Secondary Cells (Page-77), Network Analysis (Page-93), Electromagnetic (Page-126), Magnetics Circuits (Page-141), Magnetically Induced Voltage (Page-160), Self and Mutual Inductance (Page-170), Circuits Transients (Page-187), Alternating Voltage and Current (Page-), Ac Circuits With Single Elements R,L,C (Page-232), Series AC Circuits (Page-246), Parallel and Series Parallel Circuits (Page-267), Resonance (page-292) Harmonics (page-305) Polyphase Circuits (page-322) Two Ports Networks (Page-340) Wave Filters (page-356) Measuring Instruments (Page-375) Ammeters and Voltmeters (Page-381) Measurements of Power and Energy (page-397) Measurements of Resistance (page-413) Potentiometers (Page-426), Ac Bridges (page-440), Miscellaneous Measurements (Page-457), Constructions of DC Machines (Page-464), Commutation and Armature Reaction in DC Generators (Page-476), Characteristics of DC Generators (Page-486), DC Motors (Page-502), Losses , (Page-528), Transformers (Page-547) Transformers (Page-571), Polyphase Induction Motors (Page-595), Alternators (Page-632), Synchronous Motor s (Page-654), Single Phase Motors (Page-669), Electronic Valves (Page-679), Semiconductors and Transistors (Page-694), Rectifiers (Page-713), Vacuum Tube Amplifiers (Page-728), Transistors Amplifiers (Page-748), Feedback Circuits (Page-783), Electronics Instruments (Page-797), Transducers (Page-806), Internal Wiring (Page-840), Illumination (Page-852), Tariffs and Power Factor Improvements (Page-875), Integrated Circuits and Operational Amplifiers (Page-887).
650 ## - SUBJECT ADDED ENTRY--TOPICAL TERM
Topical term or geographic name entry element Electrical engineering
942 ## - ADDED ENTRY ELEMENTS (KOHA)
Source of classification or shelving scheme
Koha item type Book
Holdings
Withdrawn status Lost status Source of classification or shelving scheme Damaged status Not for loan Permanent Location Current Location Shelving location Date acquired Full call number Barcode Date last seen Price effective from Koha item type Public note
          Military College of Signals (MCS) Military College of Signals (MCS) General Stacks 12/12/2016 621.3,GUP MCS32630 12/08/2016 12/12/2016 Book Almirah No.28, Shelf No.2
© 2023 Central Library, National University of Sciences and Technology. All Rights Reserved.